| 000 | 00522nam a22001817a 4500 | ||
|---|---|---|---|
| 999 |
_c7653 _d7653 |
||
| 003 | AR-CdUCM | ||
| 008 | 190321b ||||| |||| 00| 0 spa d | ||
| 040 |
_aMUNICIPALIDAD PROVINCIAL DEL CUSCO _cBIBLIOTECA MUNICIPAL DEL CUSCO |
||
| 082 |
_a869.56 / _bC87 |
||
| 100 |
_aCravero Tirado, Juan M. _98855 |
||
| 245 | _aVilcashuamán pongo / | ||
| 260 |
_aAyacucho : _bEnargraf, _c1990. |
||
| 300 |
_a121 páginas ; _c21 cm. |
||
| 650 |
_aNovelas peruanas _9545 |
||
| 650 |
_aSiglo XX _98 |
||
| 942 |
_2ddc _cLIBROS |
||
| 945 | _azta | ||